01121nam a2200301 i 4500001001000000003000900010005001700019007000300036008004100039040003000080041000800110082002700118100004000145245006600185246003100251250004400282264005100326300002800377336002700405337003200432338002800464500006300492500007300555504003200628651003700660651006100697651006100758000021955DO-SdBNP20250122130226.0ta100915s1998 dr 000 0 spa d aDO-SdBNPbspacBNPHUerda aspa 4a972.93bC957m 1998222 aCruz Méndez, Manuel,eautor4aut.10aManual de historia social dominicana /cManuel Cruz Méndez. aHistoria social dominicana acuarta edición, corregida y aumentada 4aSanto Domingo :bEditora Soto Castillo,c1998. a166 páginas ;c26 cm. 2rdacontentatextobtxt 2rdamediaasin mediciónbn 2rdacarrieravolumenbnc aIncluye datos biográficos del autor en la contracubierta aIncluye referencias bibliográficas y notas al pie de las páginas aBibliografía : p. 163-166 4aRepública DominicanaxHistoria 4aRepública DominicanaxCondiciónes socialesxHistoria 4aRepública DominicanaxPolítica y gobierno xHistoria